[Event "MNT-chTA"]
[Site "Cetinje"]
[Date "2012.09.23"]
[Round "6"]
[White "Stamatovic, Vladimir"]
[Black "Markovic, Momir"]
[Result "1/2-1/2"]
[WhiteElo "1900"]
[BlackElo "1914"]
[PlyCount "109"]
[EventDate "2012.09.07"]
[EventType "team-tourn"]
[EventRounds "9"]
[EventCountry "MNE"]
[SourceTitle "CBM 150 Extra"]
[Source "ChessBase"]
[SourceDate "2012.10.19"]
[SourceVersion "1"]
[SourceVersionDate "2012.10.19"]
[SourceQuality "1"]

1. e4 c5 2. Nf3 Nc6 3. Nc3 e6 4. d4 cxd4 5. Nxd4 Qc7 6. Be3 a6 7. a3 Nf6 8. Be2 Be7 9. 0-0 0-0 10. Qd2 b5 11. f4 Nxd4 12. Qxd4 Bb7 13. Rad1 d5 14. Qe5 Rac8 15. exd5 Nxd5 16. Nxd5 Bxd5 17. c3 Qxe5 18. fxe5 Bc5 19. Bd4 Bxd4+ 20. Rxd4 Rc5 21. Re1 f6 22. exf6 gxf6 23. Bf3 Bxf3 24. gxf3 e5 25. Rd6 a5 26. Kf2 Kg7 27. Rg1+ Kh6 28. Rd7 b4 29. Rd3 bxc3 30. bxc3 Rf7 31. Ke3 Rg7 32. Rg3 Rxg3 33. hxg3 Rc4 34. Kd2 Ra4 35. Kc2 Rxa3 36. Rd6 Kg6 37. Kb2 Ra4 38. Kb3 Ra1 39. c4 Rb1+ 40. Kc2 Rb4 41. Kc3 Ra4 42. c5 Ra1 43. Kb2 Ra4 44. Kb3 Rb4+ 45. Kc3 Rb1 46. Kc4 Rb4+ 47. Kd5 Rb3 48. f4 exf4 49. gxf4 h5 50. Ra6 Kf5 51. Rxa5 Kxf4 52. c6 Rb8 53. Ke6 h4 54. Rf5+ Kg4 55. Rxf6 1/2-1/2

[Event "Belgrade Trophy 21st"]
[Site "Obrenovac"]
[Date "2008.12.03"]
[Round "7"]
[White "Markovic, Momir"]
[Black "Milanovic, Maja"]
[Result "0-1"]
[WhiteElo "1976"]
[BlackElo "1699"]
[PlyCount "42"]
[EventDate "2008.11.27"]
[EventType "swiss"]
[EventRounds "9"]
[EventCountry "YUG"]
[SourceTitle "CBM 127 Extra"]
[Source "ChessBase"]
[SourceDate "2009.01.08"]
[SourceVersion "2"]
[SourceVersionDate "2009.01.28"]
[SourceQuality "1"]

1. e4 c5 2. Nf3 Nc6 3. d4 cxd4 4. Nxd4 g6 5. Be3 Bg7 6. Nc3 Nf6 7. f3 0-0 8. Qd2 d5 9. Rd1 dxe4 10. Nxc6 Qxd2+ 11. Rxd2 bxc6 12. fxe4 Ng4 13. Bd4 Bxd4 14. Rxd4 Rb8 15. b3 Be6 16. Bc4 c5 17. Bxe6 cxd4 18. Ne2 fxe6 19. Nxd4 e5 20. Nc6 Rb7 21. c4 Rf6 0-1

[Event "Belgrade Trophy 21st"]
[Site "Obrenovac"]
[Date "2008.11.27"]
[Round "1"]
[White "Vujic, Mihailo"]
[Black "Markovic, Momir"]
[Result "1/2-1/2"]
[WhiteElo "2330"]
[BlackElo "1976"]
[PlyCount "119"]
[EventDate "2008.11.27"]
[EventType "swiss"]
[EventRounds "9"]
[EventCountry "YUG"]
[SourceTitle "CBM 127 Extra"]
[Source "ChessBase"]
[SourceDate "2009.01.08"]
[SourceVersion "2"]
[SourceVersionDate "2009.01.28"]
[SourceQuality "1"]

1. e4 c5 2. c3 e6 3. Nf3 Nc6 4. d4 cxd4 5. cxd4 d6 6. Nc3 a6 7. Bd3 Nf6 8. 0-0 Be7 9. e5 dxe5 10. dxe5 Nd5 11. Qe2 Nxc3 12. bxc3 Qc7 13. Re1 b5 14. a4 b4 15. cxb4 Nxb4 16. Be4 Bb7 17. Ba3 Nd5 18. Rac1 Qd7 19. Bxe7 Qxe7 20. Nd2 Qg5 21. Nc4 0-0 22. Nd6 Nf4 23. Qf3 Bxe4 24. Qxe4 Rab8 25. h4 Qh6 26. Qe3 Rb4 27. g3 Qg6 28. Rc4 Rxc4 29. Nxc4 Nd5 30. Qd4 h6 31. Ne3 Nxe3 32. Rxe3 Qb1+ 33. Kg2 Rb8 34. Qd7 Qb7+ 35. Qxb7 Rxb7 36. Re4 a5 37. Rc4 Rb4 38. Rc8+ Kh7 39. Rf8 Rxa4 40. Rxf7 Re4 41. f4 a4 42. Ra7 h5 43. Ra6 Kg8 44. Rxe6 Re3 45. Ra6 a3 46. e6 Kf8 47. Kf2 Rb3 48. Ra7 Rc3 49. f5 Rb3 50. Rf7+ Kg8 51. Ra7 Kf8 52. Kg2 Re3 53. Kh3 Rf3 54. Kg2 Re3 55. Kf2 Rb3 56. Rf7+ Kg8 57. f6 gxf6 58. Rxf6 Rb8 59. e7 Kg7 60. Ra6 1/2-1/2